| 000 | 00569cam a22001932a 4500 | ||
|---|---|---|---|
| 001 | 022416 | ||
| 003 | AR-FADEU | ||
| 008 | 311216n2012####xxu####################dd | ||
| 020 | _a978-987-1123-82-7 | ||
| 092 |
_aD346.5 _bC411 |
||
| 100 | _aCerutti, María del Carmen | ||
| 245 | _aDerecho de daños : análisis de algunos problemas conceptuales | ||
| 260 | _aCórdoba | ||
| 260 | _bAcademia Nacional de Derecho y Ciencias Sociales de Córdoba | ||
| 260 | _c2012 | ||
| 300 | _a334 p | ||
| 650 | _aDERECHO CIVIL; OBLIGACIONES; DERECHO DE DAÑOS | ||
| 942 | _cBDGR | ||
| 999 |
_c28116 _d28116 |
||